[Event "Oberwart Open"]
[Site "Oberwart AUT"]
[Date "2011.07.15"]
[Round "7"]
[White "Alvir,A"]
[Black "Titz,Hei"]
[Result "1/2-1/2"]
[WhiteElo "2359"]
[BlackElo "2161"]

1.e4 c5 2.Nf3 Nc6 3.d4 cxd4 4.Nxd4 e6 5.Nc3 Qc7 6.Be3 a6 7.Qd2 Nf6 8.O-O-O Bb4
9.f3 Ne5 10.Nb3 b5 11.Qd4 Be7 12.Qb6 Qxb6 13.Bxb6 b4 14.Na4 d5 15.Bd4 Ned7
16.e5 Nh5 17.g3 f6 18.f4 fxe5 19.fxe5 g6 20.Na5 Ng7 21.g4 Rf8 22.Kb1 Bd8
23.Nc6 Rf4 24.Nxd8 Kxd8 25.Be2 Re4 26.Rhe1 Bb7 27.b3 Bc6 28.Nb2 a5 29.h3 Ne8
30.Bf1 Rxe1 31.Rxe1 Nc7 32.Re3 Nb5 33.Bxb5 Bxb5 34.c3 Ke7 35.Rf3 Rf8 36.Rxf8 Kxf8
37.cxb4 axb4 38.Nd1 h5 39.Kc1 Bf1 40.gxh5 gxh5 41.h4 Bd3 42.Ne3 Be4 43.Kb2 Ke8
44.a3 bxa3+ 45.Kxa3 Kd8 46.b4 Kc7 47.Nd1 Nf8 48.Nc3 Bd3 49.Na4 Kc6 50.Nc5 Bc2
51.Be3 Bd1 52.Bh6 Ng6 53.Nxe6 Nxe5 54.Nd4+ Kb6 55.Bg5 Nc4+ 56.Ka2 Ba4 57.Be7 Bd7
58.Kb3 Nd2+ 59.Kc3 Ne4+ 60.Kd3 Ng3 61.Bc5+ Kb7 62.Kc3 Nf5 63.Nf3 Ba4 64.Bf2 Bd1
65.Ne5 Ka6 66.Kd2 Ba4 67.Nf3 Be8 68.Kc3 Ba4 69.Nd4 Nxd4 70.Kxd4  1/2-1/2

[Event "3rd International Open"]
[Site "Rethymno GRE"]
[Date "2011.07.15"]
[Round "6"]
[White "Chulivska,V"]
[Black "Livner,A"]
[Result "1-0"]
[WhiteElo "2219"]
[BlackElo "2371"]

1.e4 c5 2.Nf3 e6 3.d4 cxd4 4.Nxd4 Nc6 5.Nc3 Qc7 6.Be3 a6 7.Be2 Nf6 8.O-O Bb4
9.Na4 O-O 10.Nxc6 bxc6 11.f4 Rb8 12.Bd3 Be7 13.Kh1 d5 14.e5 Nd7 15.Rf3 c5
16.c3 f5 17.exf6 Nxf6 18.Qg1 c4 19.Bc2 Ng4 20.Bb6 Qc6 21.Bd4 Bd6 22.Raf1 Qc7
23.h3 Nf6 24.Qe3 Nh5 25.Be5 Bxe5 26.fxe5 Ng3+ 27.Rxg3 Rxf1+ 28.Kh2 Qf7 29.Qg5 g6
30.Bxg6 hxg6 31.Qh6 Qf4 32.Qxg6+ Kf8 33.Qg7+ Ke8 34.Qc7 Ra8 35.Nb6 Bb7 36.Nxa8 Bxa8
37.Qc8+ Ke7 38.Qxa8 Qxe5 39.Qb7+ Ke8 40.Qxa6 Re1 41.a4 Qf4 42.a5 Qc7 43.Qb6 Qxb6
44.axb6 Kd7 45.b7 Kc7 46.Rg7+ Kb8 47.h4 Re5 48.g4 Re2+ 49.Kg3 Rxb2 50.h5 Rb1
51.h6 Rh1 52.h7 Ka7 53.b8=Q+  1-0

[Event "Pinnacle 48th COCC"]
[Site "Toronto CAN"]
[Date "2011.07.15"]
[Round "7"]
[White "Benjamin,Joe"]
[Black "Krush,I"]
[Result "1-0"]
[WhiteElo "2553"]
[BlackElo "2487"]

1.e4 c5 2.Nf3 e6 3.Nc3 Nc6 4.d4 cxd4 5.Nxd4 Qc7 6.g3 a6 7.Bg2 d6 8.O-O Bd7
9.Nb3 Nf6 10.f4 h5 11.Qe2 b5 12.a3 Be7 13.h3 Rc8 14.Be3 b4 15.axb4 Nxb4 16.Qf2 O-O
17.Nd4 e5 18.Nf5 Bxf5 19.exf5 d5 20.Bb6 Qd6 21.fxe5 Qxe5 22.Rfe1 Qd6 23.Rad1 Rfe8
24.Bd4 Nc6 25.Bxf6 Bxf6 26.Ne4 Qe5 27.Nxf6+ Qxf6 28.Rxe8+ Rxe8 29.Bxd5 Ne7
30.Bb3 Nxf5 31.Rd7 Rf8 32.g4 hxg4 33.hxg4 Nh6 34.Qxf6 gxf6 35.Ra7 Nxg4 36.Kg2 Rb8
37.Rxa6 Ne3+ 38.Kf3 Nxc2 39.Bxc2 Rxb2 40.Be4 Kg7 41.Bd5 Rd2 42.Ba2 Rd7 43.Kf4 Rb7
44.Rc6 Ra7 45.Bc4 Kg6 46.Bd5 Rd7 47.Be4+ Kg7 48.Rc1 Re7 49.Rd1 Kf8 50.Rc1 Kg7
51.Rg1+ Kf8 52.Bh7 Re5 53.Rg8+ Ke7 54.Ra8 Rb5 55.Be4 Re5 56.Rb8 Ra5 57.Rb7+ Kf8
58.Bd3 Re5 59.Bc4 Re7 60.Rb2 Rc7 61.Ba2 Kg7 62.Rg2+ Kf8 63.Kf5 Rc6 64.Rb2 Ra6
65.Bc4 Rc6 66.Bd5 Rd6 67.Rb5 Kg7 68.Bb3 Rd7 69.Rb6 Rc7 70.Rd6 Rb7 71.Bd5 Rc7
72.Rxf6 Rd7 73.Be4 Ra7 74.Rd6 Rc7 75.Bd5 Ra7 76.Rb6 Rd7 77.Rb5 Rd6 78.Ke5 Rf6
79.Rb1 Rf2 80.Be4 Ra2 81.Rf1 Ra7 82.Kd6 Kf8 83.Bd5 Kg7 84.Rb1 Kf6 85.Rg1 Ra6+
86.Bc6 Ra2 87.Rg3 Ra7 88.Bb5 Ra5 89.Bc4 Ra7 90.Rg1 Rb7 91.Bd5 Ra7 92.Rg4 Kf5
93.Rb4 Kf6 94.Bc4 Kg7 95.Bb5 Ra1 96.Re4 Rb1 97.Bc4 Rb7 98.Bd5 Ra7 99.Rg4+ Kf6
100.Rg1 Ra6+ 101.Kd7 Ra7+ 102.Ke8 Re7+ 103.Kf8 Rd7 104.Rf1+ Ke5 105.Bxf7 Ra7
106.Kg7 Ra6 107.Bg6 Ra7+ 108.Kh6 Ra2 109.Bf5 Rg2 110.Kh5 Rg8 111.Bg6 Rh8+
112.Kg5 Rh2 113.Re1+ Kd6 114.Kf6 Rh6 115.Rd1+ Kc5 116.Kg5 Rh2 117.Kf4 Rf2+
118.Ke5 Rh2 119.Rc1+ Kb5 120.Be4 Rh5+ 121.Kd4 Rh4 122.Rb1+ Ka5 123.Rb8 Ka6
124.Kd5 Rf4 125.Kc6 Ka5 126.Kc5 Ka4 127.Bd5 Ka3 128.Rb3+ Ka4 129.Rg3 Rf5
130.Rg2  1-0

[Event "Najdorf Memorial"]
[Site "Warsaw POL"]
[Date "2011.07.15"]
[Round "2.30"]
[White "Abrahamyan,T"]
[Black "Klepaczka,T"]
[Result "0-1"]
[WhiteElo "2343"]
[BlackElo "2144"]

1.e4 c5 2.Nf3 e6 3.d4 cxd4 4.Nxd4 Nc6 5.Nc3 Qc7 6.Be3 a6 7.Qd2 Nf6 8.O-O-O Bb4
9.f3 Ne5 10.Nb3 b5 11.Qe1 d6 12.Nxb5 axb5 13.Bxb5+ Bd7 14.Qxb4 Bxb5 15.Qxb5+ Nfd7
16.Kb1 Nc4 17.Bc1 O-O 18.f4 Rfb8 19.Qh5 Nc5 20.Qe2 Qa7 21.a3 Nxa3+ 22.bxa3 Nxb3
23.cxb3 Rxb3+ 24.Bb2 Qxa3 25.Qc2 Qa1+  0-1

[Event "Najdorf Memorial"]
[Site "Warsaw POL"]
[Date "2011.07.15"]
[Round "2.23"]
[White "Doluhanova,E"]
[Black "Butnorius,A"]
[Result "1/2-1/2"]
[WhiteElo "2227"]
[BlackElo "2398"]

1.e4 c5 2.Nf3 e6 3.d4 cxd4 4.Nxd4 Nc6 5.Nc3 a6 6.Nxc6 bxc6 7.Bd3 d5 8.O-O Nf6
9.e5 Nd7 10.Re1 Rb8 11.Qh5 g6 12.Qh3 Bg7 13.Bh6 O-O 14.Bxg7 Kxg7 15.b3 Qg5
16.Qg3 Qxg3 17.hxg3 c5 18.f4 Bb7 19.Nd1 Nb6 20.Ne3 Rfd8 21.Kf2 a5 22.Rh1 h5
23.Rh4 d4 24.Nc4 Nxc4 25.Bxc4 Be4 26.Rc1 a4 27.Rhh1 Ra8 28.Rhe1 Bf5 29.Ke2 axb3
30.axb3 d3+ 31.Bxd3 Bxd3+ 32.cxd3 Ra2+ 33.Ke3 Rxg2 34.Rg1 Rb2 35.Rb1 Rh2
36.Rh1 Rg2 37.Rhg1 Rh2 38.Rh1 Rxh1 39.Rxh1 Rb8 40.Rc1 Rxb3 41.Rxc5 Rb1 42.Rc7 g5
43.fxg5 Re1+ 44.Kf4 Kg6 45.Rc8 Rf1+ 46.Ke4 Re1+ 47.Kf4  1/2-1/2

[Event "Najdorf Memorial"]
[Site "Warsaw POL"]
[Date "2011.07.15"]
[Round "3"]
[White "Dragun,K"]
[Black "Malakhatko,V"]
[Result "1/2-1/2"]
[WhiteElo "2428"]
[BlackElo "2548"]

1.e4 c5 2.Nf3 e6 3.d4 cxd4 4.Nxd4 Nc6 5.Nc3 Qc7 6.Be3 a6 7.Be2 b5 8.Nxc6 dxc6
9.a4 b4 10.Nb1 Bb7 11.Nd2 Nf6 12.Bd3 Nd7 13.Qe2 Bc5 14.Nc4 O-O 15.e5 Bxe3
16.Qxe3 c5 17.f4 Bd5 18.O-O Bxc4 19.Bxc4 Nb6 20.Bd3 c4 21.Be4 Rad8 22.Kh1 Nd5
23.Qe1 a5 24.Rd1 Ne7 25.Qe3 g6 26.h3 h5 27.g4 hxg4 28.hxg4 Rxd1 29.Rxd1 Rd8
30.Rd2 c3 31.bxc3 bxc3 32.Rd3 Rxd3 33.Qxd3 Qc5 34.Kg2 Kg7 35.Kf3 Nc8 36.Qd8 Nb6
37.Qf6+ Kg8 38.Qd8+ Kg7 39.Qf6+ Kg8 40.Bxg6 Qd5+ 41.Be4 Qd1+  1/2-1/2

[Event "Open ch-SVK A"]
[Site "Banska Stiavnica SVK"]
[Date "2011.07.16"]
[Round "8"]
[White "Danes,J"]
[Black "Butkiewicz,L"]
[Result "0-1"]
[WhiteElo "2293"]
[BlackElo "2435"]

1.e4 c5 2.Nf3 e6 3.d4 cxd4 4.Nxd4 Nc6 5.Nc3 Qc7 6.Nxc6 bxc6 7.Bd3 Nf6 8.O-O d5
9.Bg5 Be7 10.Re1 d4 11.Ne2 Ng4 12.Bf4 e5 13.Bg3 h5 14.h3 h4 15.hxg4 hxg3
16.Nxg3 g6 17.c3 dxc3 18.bxc3 Be6 19.Be2 Kf8 20.Qa4 Kg7 21.Rab1 Bc5 22.Rb2 Qe7
23.Qa5 Qh4 24.Bf3 Qh2+  0-1

[Event "34th Taminco Open"]
[Site "Ghent BEL"]
[Date "2011.07.16"]
[Round "1.14"]
[White "Ondersteijn,N"]
[Black "Kuijpers,Domien"]
[Result "1-0"]
[WhiteElo "2296"]
[BlackElo "1818"]

1.e4 c5 2.Nc3 e6 3.Nf3 Nc6 4.d4 cxd4 5.Nxd4 Bb4 6.Nb5 d5 7.exd5 exd5 8.Bf4 Qe7+
9.Be2 Ne5 10.O-O Nf6 11.Nxd5 Nxd5 12.Qxd5 f6 13.Bxe5 fxe5 14.a3 Bc5 15.Rae1 Be6
16.Qxe5 O-O 17.Nc7 Bf7 18.Qxe7 Bxe7 19.Nxa8 Rxa8 20.Bh5 Bf6 21.Bxf7+ Kxf7
22.b3  1-0

[Event "34th Taminco Open"]
[Site "Ghent BEL"]
[Date "2011.07.16"]
[Round "2.13"]
[White "Muhren,B"]
[Black "Descamps,Stijn"]
[Result "1-0"]
[WhiteElo "2307"]
[BlackElo "2005"]

1.e4 c5 2.Nf3 e6 3.d4 cxd4 4.Nxd4 Nc6 5.Nc3 Qc7 6.Be2 a6 7.O-O Bc5 8.Be3 d6
9.Na4 Ba7 10.c4 Nf6 11.Nc3 O-O 12.Rc1 Bd7 13.Nc2 Rac8 14.Bxa7 Nxa7 15.Ne3 Rfd8
16.Qd3 Qc5 17.Rfd1 Be8 18.Qb1 Qb6 19.Rd2 Nc6 20.Rcd1 Ne5 21.b4 h6 22.a4 Qc7
23.Qb2 Bc6 24.Rd4 b6 25.Qd2 Qb7 26.Rxd6 Rxd6 27.Qxd6 Nxc4 28.Bxc4 Nxe4 29.Nxe4 Bxe4
30.Bd3 Bxg2 31.Nxg2 Qf3 32.Bb1 g6 33.Qd3 Qg4 34.Ba2 h5 35.h3 Qxb4 36.Bxe6 Rc3
37.Qxg6+  1-0

[Event "III Corporation Cup A"]
[Site "Izhevsk RUS"]
[Date "2011.07.16"]
[Round "2"]
[White "Aitbayev,A"]
[Black "Nakhapetiane,P"]
[Result "1-0"]
[WhiteElo "2346"]
[BlackElo "2517"]

1.e4 c5 2.Nf3 e6 3.d4 cxd4 4.Nxd4 Nc6 5.Nc3 a6 6.Bf4 d6 7.Bg3 Be7 8.Be2 e5
9.Nb3 Nf6 10.Bh4 Be6 11.O-O Nd7 12.Bxe7 Qxe7 13.Qd2 Nf6 14.Rfd1 Rd8 15.Nd5 Bxd5
16.exd5 Nb8 17.Na5 O-O 18.b4 Ne4 19.Qe3 f5 20.f3 Nf6 21.c4 f4 22.Qb6 Rd7
23.c5 g5 24.c6 bxc6 25.dxc6 Rc7 26.Bxa6 g4 27.Bc4+ Kh8 28.b5 gxf3 29.gxf3 d5
30.Bxd5 Nxd5 31.Rxd5 Qe6 32.Rad1 Rg7+ 33.Kh1 Rfg8 34.Qf2 Rg2 35.Qxg2 Rxg2
36.Kxg2 e4 37.c7 exf3+ 38.Kh1  1-0

[Event "3rd Artemis Cup"]
[Site "Leros GRE"]
[Date "2011.07.16"]
[Round "6.7"]
[White "Kerigan,D"]
[Black "Horvath,Ad1"]
[Result "0-1"]
[WhiteElo "2197"]
[BlackElo "2478"]

1.e4 c5 2.Nf3 Nc6 3.d4 cxd4 4.Nxd4 e6 5.Nc3 Qc7 6.Be3 Nf6 7.f4 Nxd4 8.Qxd4 b6
9.Be2 Bc5 10.Qd2 Bb4 11.Bf3 Bb7 12.Qd3 Rc8 13.Bd2 Bxc3 14.Bxc3 Qxf4 15.O-O Bxe4
16.Bxe4 Qxe4 17.Qg3 Qg6 18.Qe5 Nd5 19.Rad1 Nxc3 20.bxc3 O-O 21.Rxd7 Qxc2
22.Rxa7 Qxc3 23.Qxc3 Rxc3 24.Rb1 Rd8 25.Rxb6 Rd1+ 26.Kf2 Rc2+ 27.Kg3 Rd3+
28.Kh4 h6 29.Rb8+ Kh7 30.Rxf7 Rc4+ 31.g4 Rcc3  0-1

[Event "4th d'Ille-et-Vilain Open"]
[Site "Rennes FRA"]
[Date "2011.07.16"]
[Round "1.1"]
[White "Inkiov,V"]
[Black "Navrotescu,A"]
[Result "1-0"]
[WhiteElo "2476"]
[BlackElo "1954"]

1.e4 c5 2.Nf3 e6 3.d4 cxd4 4.Nxd4 Nc6 5.Nc3 Qc7 6.g3 a6 7.Bg2 Nf6 8.O-O Nxd4
9.Qxd4 Bc5 10.Bf4 d6 11.Qd2 h6 12.Rad1 e5 13.Be3 Bg4 14.Bxc5 dxc5 15.Rde1 O-O
16.Nd5 Nxd5 17.exd5 Rad8 18.f4 exf4 19.Qxf4 Qxf4 20.Rxf4 Bc8 21.Re7 Rd6 22.a3 b5
23.Rc7 g5 24.Rf2 c4 25.Re2 Bf5 26.c3 Bd7 27.Kf2 Re8 28.Rxe8+ Bxe8 29.Ke3 Bd7
30.Kd4 Kf8 31.Kc5 Ke7 32.Bh3 h5 33.Bf5 h4 34.g4 h3 35.Ra7  1-0

[Event "3rd International Open"]
[Site "Rethymno GRE"]
[Date "2011.07.16"]
[Round "7"]
[White "Kalofonos,P"]
[Black "Livner,A"]
[Result "1/2-1/2"]
[WhiteElo "1713"]
[BlackElo "2371"]

1.e4 c5 2.Nf3 e6 3.Nc3 Nc6 4.d4 cxd4 5.Nxd4 Qc7 6.Be3 a6 7.Qd2 Nf6 8.O-O-O Be7
9.f3 h5 10.Rg1 d6 11.h3 h4 12.g4 hxg3 13.Rxg3 Rh7 14.Bd3 Ne5 15.f4 Nc4 16.Bxc4 Qxc4
17.Qg2 Nh5 18.Rf3 Bd7 19.Rdf1 O-O-O 20.Bg1 Kb8 21.Qf2 Qc5 22.Qg2 Qc8 23.Qf2 Qc5
24.Qg2 Qc8  1/2-1/2

[Event "Pinnacle 48th COCC"]
[Site "Toronto CAN"]
[Date "2011.07.16"]
[Round "8"]
[White "Krnan,T"]
[Black "Krush,I"]
[Result "1-0"]
[WhiteElo "2390"]
[BlackElo "2487"]

1.e4 c5 2.Nf3 e6 3.d4 cxd4 4.Nxd4 Nc6 5.Nc3 Qc7 6.Be3 a6 7.Qd2 Nf6 8.f3 Ne5
9.O-O-O Bb4 10.Nb3 b5 11.Qe1 Be7 12.f4 Ng6 13.e5 Ng4 14.h3 Nxe3 15.Qxe3 Bb7
16.Ne4 O-O 17.Bd3 f6 18.exf6 gxf6 19.Nec5 f5 20.Nxb7 Qxb7 21.g3 a5 22.h4 a4
23.Nd4 Bc5 24.Qf3 Qxf3 25.Nxf3 Rab8 26.h5 Ne7 27.Ne5 Rb7 28.Be2 d6 29.Bf3 Rc7
30.Nd3 Be3+ 31.Kb1 Kf7 32.Rhe1 Bb6 33.g4 Ba5 34.Re2 Rg8 35.g5 h6 36.g6+ Kf6
37.c3 Nc6 38.Ne1 Rd8 39.Bxc6 Rxc6 40.Nc2 Bb6 41.Rde1 Re8 42.Nb4 Rc5 43.Rd2 Bc7
44.Nd5+ Kg7 45.Nxc7 Rxc7 46.Rxd6 Kf6 47.Rd4 a3 48.Re5 axb2 49.Kxb2 Ra7 50.Rxb5 Rea8
51.a4 Rxa4 52.Rxa4 Rxa4 53.Rb4 Ra7 54.c4 e5 55.Rb6+ Kg7 56.fxe5 Re7 57.Rb5  1-0

[Event "ch-SWE Master Elite"]
[Site "Vasteras SWE"]
[Date "2011.07.16"]
[Round "1"]
[White "Hector,J"]
[Black "Tikkanen,H"]
[Result "1-0"]
[WhiteElo "2568"]
[BlackElo "2596"]

1.e4 c5 2.Nf3 e6 3.d4 cxd4 4.Nxd4 Nc6 5.Nc3 Qc7 6.Be3 a6 7.Bd3 Nf6 8.O-O Nxd4
9.Bxd4 Bc5 10.Bxc5 Qxc5 11.Qd2 d6 12.Rfe1 Bd7 13.Rad1 Bc6 14.Bf1 O-O-O 15.Rb1 b5
16.b4 Qb6 17.a4 d5 18.axb5 axb5 19.exd5 exd5 20.Qg5 Rhg8 21.Re7 d4 22.Nxb5 Rd7
23.Rxd7 Bxd7 24.Qe5 Bxb5 25.Bxb5 Rd8 26.Ra1 Qd6 27.Qg5 Qd5 28.Ba6+ Kc7 29.Qg3+ Kd7
30.Bf1 g6 31.Qf4 Ke7 32.Re1+  1-0

[Event "St Pauli Open"]
[Site "Hamburg GER"]
[Date "2011.07.17"]
[Round "9.53"]
[White "Hinrichs,Lars"]
[Black "Groeppel,P"]
[Result "0-1"]
[WhiteElo "1894"]
[BlackElo "2051"]

1.e4 c5 2.Nf3 Nc6 3.d4 cxd4 4.Nxd4 e6 5.Nc3 Qc7 6.Be3 a6 7.Be2 Nf6 8.Qd2 Be7
9.O-O-O O-O 10.g4 d5 11.exd5 Nxd5 12.Nxd5 exd5 13.Nf5 Bxf5 14.gxf5 Rad8 15.Rhg1 Bf6
16.Bg5 Qe5 17.Bxf6 Qxf6 18.Rg5 Kh8 19.Rdg1 Rg8 20.R1g4 Qh6 21.Rg3 f6 22.Rh5 Qxd2+
23.Kxd2 h6 24.Rh4 Rge8 25.Bh5 Re5 26.Bg6 Kg8 27.Rb3 Rd7 28.Re3 Rde7 29.c3 Kf8
30.Rf4 Rxe3 31.fxe3 Re4 32.Kd3 Ne5+ 33.Ke2 Ke7 34.Bh5 Nc4 35.Rxe4+ dxe4 36.b3 Na5
37.Kf2 Kd6 38.Kg3 Ke5 39.Kg4 Nc6 40.Be8 Ne7 41.Bd7 Nd5 42.Bc8 Nxe3+ 43.Kg3 Nxf5+
44.Kf2 Nd6  0-1

[Event "III Corporation Cup A"]
[Site "Izhevsk RUS"]
[Date "2011.07.17"]
[Round "3"]
[White "Gerasimov,I"]
[Black "Murzin,L"]
[Result "1-0"]
[WhiteElo "2350"]
[BlackElo "2158"]

1.e4 c5 2.Nf3 e6 3.d4 cxd4 4.Nxd4 Nc6 5.Nc3 Qc7 6.f4 a6 7.Nxc6 Qxc6 8.Be2 Bc5
9.Bf3 d6 10.Qd3 Ne7 11.Be3 Bd7 12.Bd4 Bxd4 13.Qxd4 Qc5 14.Qxg7 Qe3+ 15.Ne2 Rg8
16.Qc3 Qxc3+ 17.Nxc3 Ng6 18.g3 Bc6 19.Kf2 O-O-O 20.Rad1 Kc7 21.Rd2 Ne7 22.Re1 Nc8
23.Bh5 Rd7 24.Ke3 Nb6 25.b3 a5 26.Be2 Rdd8 27.a3 Nd7 28.Red1 Nb6 29.Nb5+ Bxb5
30.Bxb5 h5 31.Be2 h4 32.gxh4 Nc8 33.Bf3 Rg7 34.h5 Rh8 35.e5 d5 36.c4 Ne7
37.cxd5 Nxd5+ 38.Bxd5 exd5 39.Rxd5 Rxh5 40.Rd7+ Kc8 41.e6 Rh3+ 42.Ke4 f5+
43.Kxf5 Rxd7 44.Rxd7 Rxb3 45.Rd1 Re3 46.Kf6  1-0

[Event "III Corporation Cup A"]
[Site "Izhevsk RUS"]
[Date "2011.07.17"]
[Round "3"]
[White "Vaseptsov,Maxim"]
[Black "Krutko,A"]
[Result "0-1"]
[WhiteElo "2193"]
[BlackElo "2386"]

1.e4 c5 2.Nf3 e6 3.d4 cxd4 4.Nxd4 Nc6 5.Nc3 d6 6.Be3 Nf6 7.f3 a6 8.Qd2 Qc7
9.O-O-O Be7 10.g4 O-O 11.g5 Nd7 12.h4 Nxd4 13.Bxd4 b5 14.f4 b4 15.Ne2 Nc5
16.Bg2 Bb7 17.Ng3 Rfc8 18.Kb1 Rab8 19.g6 Na4 20.gxf7+ Kxf7 21.Qd3 Qc4 22.Bh3 Rc7
23.Rhg1 Qxd3 24.cxd3 Bf8 25.Ne2 a5 26.Rg3 Ba6 27.Rdg1 Rbc8 28.f5 e5 29.f6 gxf6
30.Bxc8 Rxc8 31.Bf2 Bh6 32.Nc1 Nc5 33.Be3 Bf8 34.Bd2 Rb8 35.Rf3 a4 36.Bg5 Be7
37.Bh6 Ne6 38.Bg5 Nd4 39.Rxf6+ Bxf6 40.Rf1 Ke6 41.Rxf6+ Kd7 42.Rf7+ Kc6 43.Be3 Ne2
44.Kc2 Nxc1 45.Bxc1 Rg8 46.Be3 Rg3 47.Kd2 Rh3 48.h5 Rxh5 49.d4 exd4 50.Bxd4 Rh3
51.Be3 Bc4 52.Ra7 Rh2+ 53.Ke1 Rh1+ 54.Kd2 Rh2+ 55.Kc1 Bd3 56.Rxa4 Rc2+ 57.Kd1 Rxb2
58.Kc1 Rb1+ 59.Kd2 Bxe4 60.a3 Rb2+ 61.Kc1 Rb3 62.Bf4 bxa3 63.Ra6+ Kb5 64.Rxd6 a2
65.Be5 Rb1+ 66.Kd2 a1=Q 67.Bxa1 Rxa1 68.Ke3 Bg6  0-1

[Event "3rd Artemis Cup"]
[Site "Leros GRE"]
[Date "2011.07.17"]
[Round "7.3"]
[White "Mastrovasilis,D"]
[Black "Horvath,Ad1"]
[Result "1/2-1/2"]
[WhiteElo "2604"]
[BlackElo "2478"]

1.e4 c5 2.Nf3 Nc6 3.d4 cxd4 4.Nxd4 e6 5.Nc3 Qc7 6.Be3 Nf6 7.f4 Nxd4 8.Qxd4 b6
9.Nb5 Qc6 10.Qc4 Rb8 11.Qxc6 dxc6 12.Nc3 Bb4 13.Bd4 Bb7 14.a3 Bxc3+ 15.Bxc3 Rd8
16.Bxf6 gxf6 17.Be2 c5 18.Bf3 f5 19.exf5 Bxf3 20.gxf3 Rg8 21.fxe6 Rg2 22.Rd1 fxe6
23.Rxd8+ Kxd8 24.Kd1 Ke7 25.Re1 Rxh2 26.f5 Rh6 27.fxe6 Rxe6 28.Rh1 h6  1/2-1/2

[Event "Oberwart Open"]
[Site "Oberwart AUT"]
[Date "2011.07.17"]
[Round "9"]
[White "Neumeier,K"]
[Black "Titz,Hei"]
[Result "1-0"]
[WhiteElo "2281"]
[BlackElo "2161"]

1.e4 c5 2.Nf3 e6 3.d4 cxd4 4.Nxd4 Nc6 5.Nc3 Qc7 6.Be3 a6 7.Bd3 Nf6 8.O-O b5
9.Qe2 Bb7 10.a3 Rc8 11.Nxc6 Qxc6 12.Bd4 Be7 13.f4 Bc5 14.Bxc5 Qxc5+ 15.Kh1 d6
16.e5 dxe5 17.fxe5 Nd7 18.Rae1 O-O 19.Rf4 g6 20.Rh4 Qe7 21.Qg4 Nc5 22.Qf4 Nxd3
23.cxd3 f5 24.exf6 Rxf6 25.Qg3 Rcf8 26.h3 Rf2 27.Ne4 Rxb2 28.Rc1 Bxe4 29.Rxe4 Qf6
30.Kh2 Qf2 31.Rxe6 Qxg3+ 32.Kxg3 Rb3 33.Rxa6 Rxd3+ 34.Kh2 Rb3 35.Rc5 Rf4
36.Ra7 Rf7 37.Ra5 Rb7 38.h4 Kg7 39.h5 Rb6 40.hxg6 hxg6 41.g3 Kh6 42.Kh3 b4
43.a4 Rd6 44.Rc4 Rb1 45.Rb5 b3 46.Rcb4 Rd3 47.Rb6 Rh1+ 48.Kg2 Ra1 49.Rg4 b2
50.Rxb2 Rdd1 51.Rh4+ Kg5 52.Rb5+ Kf6 53.Rf4+ Kg7 54.Rb6 Rd2+ 55.Kh3 Rda2
56.Ra6 Ra3 57.Rg4 Kh7 58.Raxg6 Rxa4 59.Rg7+ Kh8 60.Rg8+ Kh7 61.R4g7+ Kh6
62.Rg6+ Kh7 63.R6g7+ Kh6 64.Rg6+ Kh7 65.R6g7+ Kh6 66.Rb7 Ra6 67.Rb4 Kh7 68.Rg5 R1a4
69.Rb7+ Kh8 70.Rh5+ Kg8 71.Rhh7 Rg6 72.Rhc7 Kh8 73.Rc8+ Rg8 74.Rcc7 Rg6 75.Rb8+ Rg8
76.Rb6 Rg5 77.Rb8+ Rg8 78.Rb5 Rg6 79.Rh5+ Kg8 80.Rc8+ Kg7 81.Rc7+ Kg8 82.Rh4 Ra1
83.Rb4 Rg7 84.Rc8+ Kf7 85.Rc7+ Kg8 86.Rc8+ Kf7 87.Rf4+ Kg6 88.Rg4+ Kh7 89.Rh4+ Kg6
90.Rc6+ Kf7 91.Rf4+ Kg8 92.Rc8+ Kh7 93.Rff8 Ra3 94.Rh8+ Kg6 95.Rh4 Ra5 96.Rc6+ Kf7
97.Rc3 Rf5 98.g4 Rf1 99.Kg2 Rf4 100.Kg3 Rf1 101.Rc4 Kg6 102.Rh8 Rgf7 103.Rc6+ Kg7
104.Ra8 R1f6 105.Rcc8 Rb6 106.Rg8+ Kf6 107.g5+ Kf5 108.Ra5+ Ke4 109.Re8+ Kd4
110.Kg4 Rf1 111.Ra4+ Kd5 112.Rf4 Rg1+ 113.Kf5 Rb2 114.Rd8+ Kc6 115.Rc4+ Kb7
116.Rd5 Rb6 117.Rdc5 Rf1+ 118.Kg4 Rg1+ 119.Kh5 Rh1+ 120.Rh4 Rg1 121.Rcc4 Re6
122.Rh2 Rb6 123.Rhh4 Re6 124.Rcg4 Rd1 125.g6 Rdd6 126.Kh6 Rd8 127.Kh7 Ree8
128.g7 Rd7 129.Rg6 Kc7 130.Kh6 Rg8 131.Rf4 Rdd8 132.Rf7+  1-0

[Event "3rd International Open"]
[Site "Rethymno GRE"]
[Date "2011.07.17"]
[Round "8"]
[White "Georgiadis,I"]
[Black "Georgakopoulos,N"]
[Result "0-1"]
[WhiteElo "2464"]
[BlackElo "2283"]

1.e4 c5 2.Nf3 e6 3.d4 cxd4 4.Nxd4 Nc6 5.Nc3 Qc7 6.Be3 a6 7.Qd2 Nf6 8.O-O-O Be7
9.f4 b5 10.e5 b4 11.exf6 bxc3 12.Qxc3 Bxf6 13.g4 h6 14.h4 Bb7 15.Rh2 Rc8
16.Qd2 h5 17.Nxc6 Bxc6 18.g5 Be7 19.Bd3 Bf3 20.Rf1 Bg4 21.f5 Bc5 22.fxe6 Bxe6
23.Rhf2 O-O 24.Bxc5 Qxc5 25.Qe2 Bg4 26.Qe4 g6 27.Rf6 Rc6 28.Rxc6 dxc6 29.Qc4 Qe3+
30.Kb1 Bh3 31.Qf4 Qc5 32.Rf2 Be6 33.Qf6 Bf5 34.Rf1 Bxd3 35.cxd3 Qd5 36.Qf3 Rd8
37.Qxd5 Rxd5 38.Rc1 Rxd3 39.Rxc6 Rd4 40.Rxa6 Rxh4 41.Ra3 Kg7 42.Kc2 Rh2+
43.Kc1 Rg2 44.b4 Rxg5 45.Rb3 h4 46.b5 h3 47.Rxh3 Rxb5 48.Kc2 g5 49.a4 Ra5
50.Ra3 f5 51.Kd3 Kg6 52.Ke3 f4+ 53.Ke4 Kf6 54.Ra1 Re5+ 55.Kf3 Kf5 56.a5 g4+
57.Kg2 Re2+ 58.Kf1 Rh2 59.Ra3 f3 60.a6 Kf4 61.Ra4+ Kg3 62.Ke1 Rh1+ 63.Kd2 f2
64.a7 Rh8  0-1

[Event "15th Battle of Senta Open"]
[Site "Senta SRB"]
[Date "2011.07.17"]
[Round "3.15"]
[White "Farkas,Ti"]
[Black "Miladinovic,L"]
[Result "1/2-1/2"]
[WhiteElo "2260"]
[BlackElo "2074"]

1.e4 c5 2.Nf3 e6 3.Nc3 Nc6 4.d4 cxd4 5.Nxd4 Qc7 6.g3 a6 7.Bg2 d6 8.O-O Be7
9.Re1 Bd7 10.a4 Nf6 11.Nb3 b6 12.f4 Bc8 13.Be3 O-O 14.g4 Re8 15.g5 Nd7 16.Qf3 Nb4
17.Qf2 Bb7 18.Nd4 Bf8 19.Rad1 g6 20.f5  1/2-1/2

[Event "3rd Artemis Cup"]
[Site "Leros GRE"]
[Date "2011.07.18"]
[Round "8.4"]
[White "Meszaros,T"]
[Black "Mastrovasilis,D"]
[Result "1-0"]
[WhiteElo "2462"]
[BlackElo "2604"]

1.e4 c5 2.Nf3 e6 3.d4 cxd4 4.Nxd4 Nc6 5.Nc3 Qc7 6.Be2 a6 7.O-O Nf6 8.Be3 Bb4
9.Na4 O-O 10.c4 Be7 11.Nc3 b6 12.Nxc6 dxc6 13.f4 e5 14.fxe5 Qxe5 15.Qd4 Bd6
16.Qxe5 Bxe5 17.Bxb6 Rb8 18.c5 Bd4+ 19.Kh1 Bxc3 20.bxc3 Nxe4 21.Rac1 Re8
22.Bc4 Be6 23.Bxa6 Bxa2 24.c4 Nd2 25.Rfd1 Re2 26.Rc2 Rbe8 27.h4 Re1+ 28.Rxe1 Rxe1+
29.Kh2 Re2 30.Kh3 Bb1 31.Rb2 h5 32.g4 f5 33.gxf5 Bxf5+ 34.Kg3 g6 35.Kf4 Re4+
36.Kg3 Re3+ 37.Kf4 Re4+ 38.Kg3 Rd4 39.Bb7 Nxc4 40.Rb4  1-0

[Event "Poznan Summer Open"]
[Site "Poznan POL"]
[Date "2011.07.18"]
[Round "3.21"]
[White "Warchol,M"]
[Black "Lisiecki,Robert"]
[Result "1-0"]
[WhiteElo "1820"]
[BlackElo "1510"]

1.e4 c5 2.Nf3 e6 3.d4 cxd4 4.Nxd4 Nc6 5.Nc3 Qc7 6.Be3 a6 7.Be2 Nf6 8.O-O Nxd4
9.Bxd4 Be7 10.e5 Ng8 11.Ne4 b6 12.Nd6+ Kf8 13.Bh5 Nh6 14.Nxf7 Nxf7 15.Bxf7 Kxf7
16.Qf3+ Ke8 17.Qxa8 Rf8 18.Bxb6 Qc4 19.b3 Qc3 20.Qe4 g6 21.Rad1 Bg5 22.Be3 Be7
23.Rd4 Qa5 24.Rc4 Kf7 25.Bh6 Re8 26.Qa8 Qd8 27.Rd1 Bh4 28.g3 Be7 29.Rd3 Qa5
30.Rf3+ Kg8 31.Rxc8  1-0

[Event "2nd SPI Open"]
[Site "Satu Mare ROU"]
[Date "2011.07.18"]
[Round "5"]
[White "Sandor,Petr"]
[Black "Chereches,M"]
[Result "0-1"]
[WhiteElo "2153"]
[BlackElo "2280"]

1.e4 c5 2.Nf3 e6 3.d4 cxd4 4.Nxd4 Nc6 5.Nc3 Bb4 6.a3 Bxc3+ 7.bxc3 Nf6 8.Bd3 d5
9.Nxc6 bxc6 10.e5 Nd7 11.Qg4 g6 12.Qg3 Qa5 13.Bd2 Ba6 14.O-O O-O 15.c4 Qxd2
16.cxd5 Bxd3 17.Rfd1 Qa5 18.dxe6 fxe6 19.Qxd3 Nxe5 20.Qb3 Rae8 21.Rd6 Qc5
22.Rd2  0-1

[Event "16th Balaguer Open"]
[Site "Balaguer ESP"]
[Date "2011.07.19"]
[Round "3"]
[White "Ramon Perez,J"]
[Black "Aloy Piulats,R"]
[Result "1-0"]
[WhiteElo "2222"]
[BlackElo "1825"]

1.e4 c5 2.Nf3 e6 3.d4 cxd4 4.Nxd4 Nc6 5.Nc3 a6 6.Be3 Nf6 7.Nxc6 bxc6 8.e5 Nd5
9.Nxd5 cxd5 10.Qd4 Be7 11.Qg4 O-O 12.Bh6 g6 13.Bxf8 Kxf8 14.Bd3 Rb8 15.O-O Qc7
16.Qd4 Bc5 17.Qf4 Be7 18.Rfe1 Kg7 19.Re3 Rb4 20.c4 d6 21.Rh3 h5 22.Rf3 Bf8
23.Qf6+ Kh6 24.Qh8+  1-0

[Event "Poznan Summer Open"]
[Site "Poznan POL"]
[Date "2011.07.19"]
[Round "4.30"]
[White "Jarmuzek,Jaroslaw"]
[Black "Palasz,M"]
[Result "0-1"]
[WhiteElo "1386"]
[BlackElo "1747"]

1.e4 c5 2.Nf3 Nc6 3.d4 cxd4 4.Nxd4 e6 5.Nc3 Bb4 6.Be2 Nf6 7.Bg5 Qa5 8.O-O Nxd4
9.Bxf6 Nxe2+ 10.Nxe2 gxf6 11.Qd4 Be7 12.Ng3 a6 13.f4 Bc5  0-1

[Event "4th d'Ille-et-Vilain Open"]
[Site "Rennes FRA"]
[Date "2011.07.19"]
[Round "5.3"]
[White "Bailet,P"]
[Black "Navrotescu,A"]
[Result "1-0"]
[WhiteElo "2432"]
[BlackElo "1954"]

1.e4 c5 2.Nf3 e6 3.d4 cxd4 4.Nxd4 Nc6 5.Nc3 Qc7 6.g3 a6 7.Bg2 Nf6 8.O-O Nxd4
9.Qxd4 Bc5 10.Bf4 d6 11.Qd3 h6 12.Na4 e5 13.Nxc5 dxc5 14.Be3 O-O 15.Rfd1 Bg4
16.f3 Be6 17.Qd6 Rac8 18.a4 Rfd8 19.Qxc7 Rxd1+ 20.Rxd1 Rxc7 21.Rd8+ Kh7 22.Rd6 Bd7
23.a5 Bb5 24.Bh3 Bd7 25.Bf1 Be6 26.Kf2 c4 27.Bb6 Rc8 28.Rd8 Rc6 29.Ke3 g5
30.Be2 Nd7 31.Ba7 Kg7 32.f4 exf4+ 33.gxf4 gxf4+ 34.Kxf4 Nc5 35.Ke3 Kf6 36.Bf3 Ke7
37.Rb8  1-0